Manažment znalostí z pohľadu personalistov

Prioritou riadenia organizácií v znalostnej spoločnosti je manažment znalostí, ktorý sa týka nielen informačných technológií, ale rovnako aj ľudí a toho, ako získavajú, vymieňajú a využívajú znalosti. V súvislosti s rozvojom disciplíny manažmentu znalostí sa v ostatných rokoch objavilo množstvo názo...

Ausführliche Beschreibung

Gespeichert in:
Bibliographische Detailangaben
1. Verfasser: Štefančiková, Anna
Format: Buchkapitel
Sprache:Slowakisch
Schlagworte:
Tags: Tag hinzufügen
Keine Tags, Fügen Sie das erste Tag hinzu!

MARC

LEADER 00000naa a2200000 4500
001 0191525
005 20220718121129.6
041 0 |a slo 
044 |a SK 
245 1 0 |a Manažment znalostí z pohľadu personalistov  |c Anna Štefančiková 
520 |a Prioritou riadenia organizácií v znalostnej spoločnosti je manažment znalostí, ktorý sa týka nielen informačných technológií, ale rovnako aj ľudí a toho, ako získavajú, vymieňajú a využívajú znalosti. V súvislosti s rozvojom disciplíny manažmentu znalostí sa v ostatných rokoch objavilo množstvo názorov, odporúčaní, manažérskych koncepcií. Prehľad základných myšlienok manažmentu znalostí a súvisiacich koncepcií zlepšovania znalostného zázemia pracovníkov organizácií, a to organizácie, ktorá tvorí znalosti, koncepcie učiacej sa organizácie a koncepcie intelektuálneho kapitálu. 
610 2 0 |a zdroje ľudské 
610 2 0 |a kapitál intelektuálny 
610 2 0 |a manažment znalostný 
610 2 0 |a manažment personálny 
100 1 |a Štefančiková, Anna